Vyššie náklady na nemocenské Vývoj pracovnej neschopnosti v SR
Posudzovanie spôsobilosti na prácu pracujúcej populácie (poistencov).Priemerný denný stav práceneschopných pre chorobu a úraz v SR v r. 1993, vyplácanie nemocenského. Vývoj metodiky posudkovej činnosti. Vývoj pracovnej neschopnosti, ukazovatele vývoja v rokoch 1989-1994. Faktory ovplyvňujúce vývoj p...
Salvato in:
| Autore principale: | |
|---|---|
| Altri autori: | |
| Natura: | Capitolo di libro |
| Lingua: | slovacco |
| Soggetti: | |
| Tags: |
Nessun Tag, puoi essere il primo ad aggiungerne!!
|
MARC
| LEADER | 00000naa a2200000 4500 | ||
|---|---|---|---|
| 001 | r017464 | ||
| 005 | 20221205102339.8 | ||
| 041 | 0 | |a slo | |
| 044 | |a SK | ||
| 245 | 1 | 0 | |a Vyššie náklady na nemocenské |b Vývoj pracovnej neschopnosti v SR |c D. Michalička, A. Burdiga |
| 520 | |a Posudzovanie spôsobilosti na prácu pracujúcej populácie (poistencov).Priemerný denný stav práceneschopných pre chorobu a úraz v SR v r. 1993, vyplácanie nemocenského. Vývoj metodiky posudkovej činnosti. Vývoj pracovnej neschopnosti, ukazovatele vývoja v rokoch 1989-1994. Faktory ovplyvňujúce vývoj pracovnej neschopnosti. | ||
| 610 | 2 | 0 | |a práceneschopnosť |
| 610 | 2 | 0 | |a nemocenské |
| 610 | 2 | 0 | |a chorobnosť |
| 610 | 2 | 0 | |a Slovensko |
| 610 | 2 | 0 | |a lekári |
| 610 | 2 | 0 | |a spôsobilosť k práci |
| 610 | 2 | 0 | |a 1989-1994 |
| 100 | 1 | |a Michalička, D. | |
| 700 | 1 | |a Burdiga, A. | |